1952 1815 1179 1042 1051 1289 1928 1566 1822 1182 1302 1684 1582 1556 1562 1236 1967 1661 1645 1149 1593 1219 1940 1313 1600 1806 1045 1694 1189 1231 1695 1265 1518 1808 1628 1858 1395 1741 1862 1095 1550 1364 1391 1221 1307 1331 1920 1664 1521 1599 1428 1370 1534 1158 1165 1859 1154 1310 1280 1125 1984 1590 1052 1340 1725 1724 1397 1977 1205 1327 1388 1086 1408 1088 1927 1275 1672 1814 1117 1298 1093 1996 1116 1422 1106 1693 1935 1037 1175 1030 1341 1012 1169 1738 1981 1129 1058 1565 1096 BCNSPRNW ULIB Ver.6.0+V

เปลี่ยนเป็นภาษาไทย

Change to English
 แสดงรายละเอียดบรรณานุกรม
  กลับหน้าหลัก

Brief Record : Get Marc (ISO 2709) : E-mail record : QR code < ปิดหน้าต่าง
LEADER : 00000nam 2200000uu 4500
001    13399114328
003     ULIB
008    120321s2553||||th 000 0 tha d
020    ^a9786167081366
090    ^aนว.^bi111ท 2553
100 0  ^aIrgendwann im November
245 00 ^aทะเลรักลวงใจ/^cIrgendwann im November
250    ^aพิมพ์ครั้งที่ 1
260    ^aกรุงเทพฯ :^bสมาร์ทบุ๊ค,^c2553
300    ^a416 หน้า
710 1  ^aสมาร์ทบุ๊ค
945    ^p260^l0^i16661
995    ^aกัณชพร
999    ^aใช้งานได้ทุกระบบ
รายการนี้ยังไม่มีแท็ก
คุณยังไม่ได้ล็อกอิน คุณสามารถมีกิจกรรมร่วมกับเว็บไซต์ได้ แต่ต้องล็อกอินก่อน ::
  ล็อกอิน

รายการสื่อสารสนเทศ

ลำดับที่ ประเภท เลขเรียก/บาร์โค้ด สถานที่ สถานะ
1. นวนิยาย
นวนิยาย
นว. i111ท 2553  
  Barcode: 16661
ห้องสมุดวิทยาเขตสวรรค์ประชารักษ์
►นวนิยาย
บนชั้น
  ขอยืม

BibComment


ยังไม่เคยถูกคอมเมนท์

คอมเมนท์ทรัพยากรรายการนี้
  คอมเมนท์: ทะเลรักลวงใจ Irg..


 Copyright 2026. Bcnsprnw @Library